• 首页
  • 本馆介绍
  • 公告通知
  • 最新文献
  • 馆藏检索
  • 电子资源
  • 读者导购
  • 参考咨询
  • 我的图书馆
  • 登录
  • 详细信息显示
  • 放入我的书架
  • 预约/预借图书
  • 作者相关作品
  • 分类相关作品
  • 丛书相关作品
  • 出版社相关作品

书目信息

  • 表格格式
  • 工作单格式
  • 卡片格式
题名:
毛泽东与朱德
    
 
作者: 鲁杰 著
分册:  
出版信息: 北京   北京出版社  2003
页数: 514页
开本: 21cm
丛书名: 毛泽东高层政治交往书系
单 册:
中图分类: A752 , K827=73 , A752
科图分类:
主题词: 毛泽东--生平事迹 , 毛泽东--传记
电子资源:
ISBN: 7-200-03539-4
000 01113oam2 2200349 450
001 1234498880
005 20120928093737.78
010    @a7-200-03539-4@dCNY29.80
100    @a20031224d2003 em y0chiy50 ea
101 0  @achi
102    @aCN@b110000
105    @ay z 000yd
106    @ar
200 1  @a毛泽东与朱德@e朱毛缘何不分@f鲁杰著@Amao ze dong yu zhu de
205    @a2版
210    @a北京@c北京出版社@d2003
215    @a514页@d21cm
225 2  @a毛泽东高层政治交往书系
330    @a本书研究了毛泽东与朱德的关系,揭示了他们是一对黄金搭档,他们的合作与友谊为后人提供了追求真理、探索真理、创造世界、改造世界、成就事业的光辉典范。
461  0 @1001002538973
600  0 @a朱德@f(1886-1976)
600  0 @a毛泽东@f(1893-1976)@x生平事迹
600  0 @a朱德@f(1886-1976)@x生平事迹
600  0 @a毛泽东@f(1893-1976)
606 0  @a毛泽东@x生平事迹
606 0  @a毛泽东@x传记
690    @aA752@v4
690    @aK827=73@v4
690    @aA752@v4
701  0 @a鲁杰@f(1964.9~)@4著@Alu jie
801  0 @aCN@b大连网信软件有限公司图书馆·11@c20120928
905    @a10447@dA752@eJY43
    
    毛泽东与朱德:朱毛缘何不分/鲁杰著.-2版 .-北京:北京出版社,2003
    514页;21cm .-(毛泽东高层政治交往书系 )
    
    
    ISBN 7-200-03539-4:CNY29.80
    本书研究了毛泽东与朱德的关系,揭示了他们是一对黄金搭档,他们的合作与友谊为后人提供了追求真理、探索真理、创造世界、改造世界、成就事业的光辉典范。
●
相关链接 在E读中查询图书 在五车中查询图书 在当当中查询图书 在豆瓣中查询图书


正题名:毛泽东与朱德     索取号:A752/JY43         预约/预借

序号 登录号 条形码 馆藏地/架位号 状态 备注
1 7809350   278093509   学院路分馆/ [索取号:A752/JY43] 在馆    
2 7809351   278093518   学院路分馆/ [索取号:A752/JY43] 在馆    
3 7809352   278093527   学院路分馆/ [索取号:A752/JY43] 在馆    
4 7809353   278093536   学院路分馆/ [索取号:A752/JY43] 在馆    
唐山师范学院图书馆 欢迎您!
大连网信软件有限公司© 版权所有